000 00530pam a2200181 a 4500
020 _a9781111829537 (pbk.) :
020 _a1111829535 (pbk.) :
082 0 4 _a302.23
_bSHI/M
100 1 _aShirley Biagi
245 1 0 _aMedia/impact:
_ban introduction to mass media/
_cby Shirley Biagi
250 _a10th ed., International ed.
260 _aUnited Kingdom :
_bWadswort/Cengage Learning,
_c2012.
300 _axxxiv, 430 p. :
_bill. ;
500 _aFormerly CIP.
650 0 _aMass Media
650 0 _aSocial Sciences
942 _cBK
999 _c68604
_d68604